[Event "Torneo A Autunno Vomero"]
[Site "Napoli ITA"]
[Date "2016.09.20"]
[Round "3"]
[White "Cocchia, Umberto"]
[Black "Ficco, Corrado"]
[WhiteElo "1835"]
[BlackElo "2041"]
[Result "1/2-1/2"]
[PlyCount "55"]
[EventDate "2016.09.15"]

1. e4 c5 2. Nc3 Nc6 3. g3 g6 4. Bg2 Bg7 5. d3 d6 6. f4 e6 7. Nf3 Nge7 8. Be3
Nd4 9. O-O O-O 10. Rb1 Rb8 11. Ne2 e5 12. c3 Nxf3+ 13. Bxf3 b6 14. Qd2 f5 15.
Bg2 Bb7 16. Rbd1 Qc7 17. c4 Nc6 18. exf5 gxf5 19. Bd5+ Kh8 20. Nc3 Ne7 21. Bxb7
Qxb7 22. Nb5 Qd7 23. Qg2 d5 24. b3 Rbd8 25. fxe5 a6 26. Na3 Bxe5 27. d4 cxd4
28. Bxd4 1/2-1/2

[Event "Torneo A Autunno Vomero"]
[Site "Napoli ITA"]
[Date "2016.09.20"]
[Round "3"]
[White "Fortuna, Armando"]
[Black "Esposito, Pino"]
[WhiteElo "1657"]
[BlackElo "1782"]
[Result "0-1"]
[PlyCount "104"]
[EventDate "2016.09.15"]

1. e4 c5 2. Nf3 d6 3. d4 cxd4 4. Nxd4 Nf6 5. Nc3 a6 6. a4 b6 7. Bd3 e6 8. O-O
Qc7 9. Be3 Bb7 10. Qe2 Nbd7 11. f4 Be7 12. Rad1 Nc5 13. Bf2 O-O 14. e5 Nd5 15.
Nxd5 Bxd5 16. Nf3 Qb7 17. Bxc5 dxc5 18. Ng5 h6 19. Qh5 c4 20. Bh7+ Kh8 21. h4
Bxg5 22. fxg5 Kxh7 23. gxh6 g6 24. Qg5 Rg8 25. Rf6 Raf8 26. Rdf1 Be4 27. Qf4
Bxc2 28. Rf3 Qe7 29. Qxc4 Qc5+ 30. Qxc5 bxc5 31. Rc3 Bxa4 32. Rxc5 Kxh6 33. g4
Kg7 34. Rc7 Bb3 35. Rc3 Rb8 36. Rcf3 Rgf8 37. h5 Bd1 38. Rg3 g5 39. Rg2 Rb4 40.
h6+ Kh7 41. Rgf2 Rxg4+ 42. Kh2 Rh4+ 43. Kg3 Rxh6 44. Rxf7+ Rxf7 45. Rxf7+ Kg8
46. Ra7 Be2 47. Kf2 Bb5 48. Ke3 Rh7 49. Ra8+ Kf7 50. Ra7+ Kg6 51. Ra8 Kf5 52.
Kd4 Rh4+ 0-1

[Event "Torneo A Autunno Vomero"]
[Site "Napoli ITA"]
[Date "2016.09.20"]
[Round "3"]
[White "Gallo, Thomas Renato"]
[Black "Mauro, Lucio"]
[WhiteElo "1837"]
[BlackElo "1598"]
[Result "1/2-1/2"]
[PlyCount "125"]
[EventDate "2016.09.15"]

1. d4 Nf6 2. c4 e6 3. Nc3 Bb4 4. Qc2 d5 5. cxd5 exd5 6. Nf3 O-O 7. Bg5 c6 8. e3
h6 9. Bh4 Re8 10. Bd3 Be7 11. O-O Ne4 12. Bxe7 Qxe7 13. h3 f5 14. Rae1 Nd7 15.
Ne2 Nf8 16. Ne5 g6 17. f3 Nd6 18. g4 Qg5 19. Nf4 Kg7 20. Qf2 Nf7 21. Nxf7 Kxf7
22. Kh2 Qf6 23. h4 Nh7 24. Qg3 Rg8 25. Rg1 Bd7 26. Nh3 Rac8 27. gxf5 gxf5 28.
Qf4 Rxg1 29. Rxg1 Rg8 30. Qc7 Qe7 31. Rxg8 Kxg8 32. Qe5 Qxh4 33. Bxf5 Bxf5 34.
Qxf5 Qe7 35. Qg6+ Qg7 36. Nf4 Qxg6 37. Nxg6 Kg7 38. Nf4 Kf6 39. Kg3 Kf5 40. Nd3
Ng5 41. b4 b6 42. a4 Nf7 43. a5 Nd6 44. a6 Nb5 45. Kh4 Nc7 46. Nf2 Nxa6 47. e4+
dxe4 48. fxe4+ Ke6 49. Nd3 Nc7 50. Kh5 Nb5 51. Nf4+ Ke7 52. d5 c5 53. bxc5 bxc5
54. e5 c4 55. d6+ Ke8 56. Kxh6 c3 57. Kg6 Nd4 58. Nd3 c2 59. Nc1 a5 60. Kg5 a4
61. Kf4 a3 62. Ke4 Ne2 63. Kd3 1/2-1/2

[Event "Torneo A Autunno Vomero"]
[Site "Napoli ITA"]
[Date "2016.09.20"]
[Round "3"]
[White "Lombardo, Claudio"]
[Black "Scarnera, Francesco"]
[WhiteElo "1849"]
[BlackElo "1665"]
[Result "1-0"]
[PlyCount "100"]
[EventDate "2016.09.15"]

1. d4 Nf6 2. Nf3 c5 3. e3 cxd4 4. Nxd4 g6 5. Be2 Bg7 6. O-O O-O 7. c4 Nc6 8.
Nxc6 bxc6 9. Nc3 c5 10. Qc2 d6 11. Rb1 Bb7 12. b3 Qd7 13. Bb2 Qe6 14. Qd1 a6
15. Bf3 Rab8 16. Bxb7 Rxb7 17. Qf3 Rfb8 18. Rfd1 Nd7 19. Na4 Ne5 20. Bxe5 Bxe5
21. Rd5 Bg7 22. Rbd1 Qf6 23. Qxf6 Bxf6 24. Kf1 h6 25. Ke2 Kh7 26. h3 Rg8 27.
Kf3 Be5 28. Nxc5 dxc5 29. Rxe5 Rc7 30. Red5 Ra8 31. Rd7 Raa7 32. Rxc7 Rxc7 33.
Rd8 Kg7 34. Ke4 e6 35. Rd6 Kf6 36. Rxa6 Ke7 37. Kd3 Kd7 38. a3 Kc8 39. b4 Kb7
40. Ra5 Kb6 41. Rxc5 Rxc5 42. bxc5+ Kxc5 43. f3 f6 44. Kc3 e5 45. f4 e4 46. a4
h5 47. h4 f5 48. a5 Kc6 49. Kd4 Kd6 50. a6 Kc6 1-0

[Event "Torneo A Autunno Vomero"]
[Site "Napoli ITA"]
[Date "2016.09.20"]
[Round "3"]
[White "Lombardo, Michele"]
[Black "Radice, Mario"]
[WhiteElo "2080"]
[BlackElo "1803"]
[Result "1-0"]
[PlyCount "59"]
[EventDate "2016.09.15"]

1. e4 e5 2. Nf3 Nf6 3. Nxe5 d6 4. Nf3 Nxe4 5. d4 d5 6. Bd3 Nc6 7. h3 Bd6 8. O-O
O-O 9. c4 Nf6 10. Nc3 Nb4 11. cxd5 Nxd3 12. Qxd3 Be7 13. Re1 Re8 14. Bg5 h6 15.
Bh4 b6 16. Ne5 Bb7 17. Nc6 Bxc6 18. dxc6 Qd6 19. Qc4 Rad8 20. Rad1 Nd5 21. Bg3
Nf4 22. d5 g5 23. Nb5 Qc5 24. Qxc5 Bxc5 25. Bxf4 gxf4 26. Rxe8+ Rxe8 27. Nxc7
Re2 28. d6 Rxf2 29. Kh1 f3 30. gxf3 1-0

[Event "Torneo A Autunno Vomero"]
[Site "Napoli ITA"]
[Date "2016.09.20"]
[Round "3"]
[White "Minopoli, Francesco"]
[Black "De Maria, Dario"]
[WhiteElo "1615"]
[BlackElo "1544"]
[Result "1/2-1/2"]
[PlyCount "79"]
[EventDate "2016.09.15"]

1. Nf3 d6 2. g3 e5 3. d3 c5 4. Bg2 Nc6 5. O-O Be7 6. Nbd2 Nf6 7. e4 Bg4 8. Re1
O-O 9. h3 Bxf3 10. Nxf3 Nd4 11. Nh2 b5 12. c3 Nc6 13. f4 a5 14. Ng4 b4 15.
Nxf6+ Bxf6 16. Be3 Rb8 17. c4 Nd4 18. Bxd4 cxd4 19. Rf1 Qb6 20. Qg4 b3 21. a3
a4 22. h4 h6 23. fxe5 Bxe5 24. Rf5 Qa5 25. Rd1 Qd8 26. Bh3 Kh8 27. Rdf1 Rb7 28.
R5f3 Re8 29. h5 Qc7 30. Qh4 f6 31. Bf5 Rg8 32. Qg4 g6 33. hxg6 Kg7 34. Qh5 Rh8
35. g4 Qa5 36. Kg2 Qd2+ 37. R1f2 Qg5 38. Rh3 Qxh5 39. Rxh5 Rbb8 40. Kf3 1/2-1/2

[Event "Torneo A Autunno Vomero"]
[Site "Napoli ITA"]
[Date "2016.09.20"]
[Round "3"]
[White "Norcia, Fabrizio"]
[Black "Caiazzo, Diego"]
[WhiteElo "1425"]
[BlackElo "1699"]
[Result "0-1"]
[PlyCount "156"]
[EventDate "2016.09.15"]

1. e4 e6 2. d4 d5 3. Nc3 Bb4 4. Bd3 c5 5. a3 Bxc3+ 6. bxc3 c4 7. Be2 Ne7 8.
exd5 exd5 9. Nf3 Nbc6 10. O-O O-O 11. Bg5 f6 12. Bh4 Nf5 13. Re1 Nxh4 14. Nxh4
Re8 15. Bh5 Rxe1+ 16. Qxe1 Qe7 17. Qxe7 Nxe7 18. h3 g6 19. Bg4 Bxg4 20. hxg4
Kf7 21. Re1 Rd8 22. f4 Rd6 23. f5 g5 24. Nf3 Rb6 25. Rc1 Rb2 26. Nd2 Nc8 27.
Rb1 Rxb1+ 28. Nxb1 Nd6 29. Nd2 Nb5 30. Nb1 Ke7 31. Kf2 Kd7 32. Ke2 Kc6 33. Kd1
Nd6 34. Nd2 b5 35. Ke2 a5 36. Nb1 Ne4 37. Kf3 Nd6 38. Ke2 Nc8 39. Ke3 Nb6 40.
Ke2 Na8 41. Kd2 Nc7 42. Kc1 Ne8 43. Kd2 Ng7 44. Ke3 h5 45. Kf3 h4 46. g3 hxg3
47. Kxg3 Ne8 48. Kf3 Nd6 49. Ke3 Nc8 50. Ke2 Nb6 51. Kd2 Na8 52. Kc1 Nc7 53.
Kd2 Na6 54. Kc1 b4 55. cxb4 axb4 56. axb4 Nxb4 57. c3 Nd3+ 58. Kd2 Nf2 59. Ke3
Nxg4+ 60. Kf3 Nh6 61. Nd2 Nxf5 62. Nf1 Nd6 63. Ng3 f5 64. Ne2 Kd7 65. Ng3 Ke6
66. Nh5 Kf7 67. Ng3 Kg6 68. Ne2 Ne4 69. Ke3 f4+ 70. Kf3 Kf5 71. Kg2 g4 72. Kh2
f3 73. Ng3+ Nxg3 74. Kxg3 Kg5 75. Kf2 Kf4 76. Ke1 Ke3 77. Kf1 g3 78. Ke1 g2 0-1

[Event "Torneo A Autunno Vomero"]
[Site "Napoli ITA"]
[Date "2016.09.20"]
[Round "3"]
[White "Paduano, Gennaro"]
[Black "Pellegrino, Giovanni"]
[WhiteElo "1773"]
[BlackElo "1561"]
[Result "1/2-1/2"]
[PlyCount "74"]
[EventDate "2016.09.15"]

1. e4 e6 2. d4 d5 3. Nd2 Nf6 4. e5 Nfd7 5. f4 c5 6. Ngf3 Nc6 7. a3 Qb6 8. Bd3
cxd4 9. O-O Be7 10. Re1 Qc7 11. Nf1 O-O 12. Ng3 f6 13. exf6 Nxf6 14. Ng5 e5 15.
fxe5 Nxe5 16. Nf5 Bd6 17. Nxd6 Qxd6 18. Bf4 Re8 19. Bb5 Bd7 20. Bxd7 Nfxd7 21.
Qxd4 Qf6 22. Qxd5+ Kh8 23. Rf1 Qb6+ 24. Kh1 Rad8 25. Qa2 h6 26. Bxe5 Nxe5 27.
Nf7+ Nxf7 28. Rxf7 Rf8 29. Rxf8+ Rxf8 30. b4 Qf2 31. h3 Rc8 32. Rd1 Re8 33. Qb1
Re2 34. Rd8+ Kh7 35. c4+ Rc2 36. Qg1 Qf4 37. Qb1 Qf2 1/2-1/2

[Event "Torneo A Autunno Vomero"]
[Site "Napoli ITA"]
[Date "2016.09.20"]
[Round "3"]
[White "Pellegrino, Carlo"]
[Black "Esposito, Rosario"]
[WhiteElo "1522"]
[BlackElo "1784"]
[Result "1/2-1/2"]
[PlyCount "57"]
[EventDate "2016.09.15"]

1. d4 Nf6 2. c4 g6 3. Nc3 d5 4. cxd5 Nxd5 5. e4 Nxc3 6. bxc3 Bg7 7. Bc4 c5 8.
Ne2 O-O 9. Be3 Nc6 10. Rc1 Qa5 11. O-O b5 12. Bd5 Bb7 13. Bxc6 Bxc6 14. d5 Bb7
15. Bxc5 Qc7 16. Bd4 Bh6 17. f4 Qc4 18. a3 a6 19. Qe1 f5 20. Qh4 Qxe2 21. Qxh6
Rf7 22. Rfe1 Qa2 23. Re3 Qxa3 24. Rce1 Qd6 25. Rg3 Rc8 26. Be5 Qb6+ 27. Bd4 Qd6
28. Be5 Qb6+ 29. Bd4 1/2-1/2

[Event "Torneo A Autunno Vomero"]
[Site "Napoli ITA"]
[Date "2016.09.20"]
[Round "3"]
[White "Somma, Erminio"]
[Black "Tassaro, Renato"]
[WhiteElo "1561"]
[BlackElo "1588"]
[Result "0-1"]
[PlyCount "78"]
[EventDate "2016.09.15"]

1. d4 Nf6 2. Nf3 g6 3. Nbd2 d5 4. e3 Bg7 5. Bd3 O-O 6. O-O Nbd7 7. c3 c6 8. e4
dxe4 9. Nxe4 Re8 10. Re1 Qc7 11. Nxf6+ Bxf6 12. Bg5 b6 13. Bxf6 Nxf6 14. Ne5
Qd6 15. f4 c5 16. Bc4 e6 17. dxc5 Qxc5+ 18. Kh1 Bb7 19. Qd4 Qc7 20. Rad1 Rad8
21. Qe3 Rxd1 22. Rxd1 Rd8 23. Rxd8+ Qxd8 24. Be2 Bd5 25. c4 Bb7 26. Bf3 Bxf3
27. Qxf3 Qd2 28. h3 Kg7 29. Qb7 Qc1+ 30. Kh2 Qxf4+ 31. Kh1 Qxe5 32. Qxa7 Qxb2
33. a4 Qc1+ 34. Kh2 Qxc4 35. Qxb6 Qxa4 36. Qb2 Qf4+ 37. Kh1 Kh6 38. g3 Qf1+ 39.
Kh2 Ne4 0-1

[Event "Torneo A Autunno Vomero"]
[Site "Napoli ITA"]
[Date "2016.09.20"]
[Round "3"]
[White "Taurisano, Vincenzo"]
[Black "Messina, Enrico"]
[WhiteElo "1850"]
[BlackElo "2201"]
[Result "0-1"]
[PlyCount "81"]
[EventDate "2016.09.15"]

1. d4 d6 2. c4 Nf6 3. Nc3 Nbd7 4. e4 e5 5. d5 Nc5 6. f3 a5 7. Be3 Be7 8. Bd3
Nfd7 9. Nge2 Bg5 10. Qd2 h6 11. O-O-O Bxe3 12. Qxe3 Qg5 13. Qxg5 hxg5 14. Bc2
Nb6 15. b3 Bd7 16. Nb5 O-O-O 17. h3 g6 18. Nec3 Rh4 19. a3 Kb8 20. b4 axb4 21.
axb4 Na6 22. c5 dxc5 23. bxc5 Nxc5 24. d6 c6 25. Nc7 Rh7 26. Kb2 Ne6 27. Nxe6
Bxe6 28. Bb3 Bxb3 29. Kxb3 f6 30. Rd2 Rhd7 31. Rhd1 Nc8 32. Na4 Rxd6 33. Rxd6
Rxd6 34. Rxd6 Nxd6 35. Nc5 Kc8 36. Ne6 Kd7 37. Nc5+ Ke7 38. Kb4 b6 39. Na6 Nb5
40. Nb8 Kd6 41. Kc4 0-1

[Event "Torneo A Autunno Vomero"]
[Site "Napoli ITA"]
[Date "2016.09.29"]
[Round "4"]
[White "Buonanno, Matteo Giovanni"]
[Black "Minopoli, Francesco"]
[WhiteElo "1472"]
[BlackElo "1615"]
[Result "1-0"]
[PlyCount "99"]
[EventDate "2016.09.15"]

1. d4 Nf6 2. c4 g6 3. Nc3 Bg7 4. e4 d6 5. f3 O-O 6. Be3 c5 7. d5 e6 8. Qd2 exd5
9. cxd5 Re8 10. Bd3 Nbd7 11. Nge2 a6 12. a4 Ne5 13. O-O Qc7 14. b3 Rb8 15. Rfc1
Bd7 16. Rab1 b5 17. axb5 axb5 18. Ng3 h5 19. Nge2 h4 20. h3 b4 21. Nd1 Nh7 22.
Nb2 Bxh3 23. Nc4 Nxd3 24. Qxd3 Bd7 25. Kf2 f5 26. Bf4 fxe4 27. fxe4 Rf8 28. Ke1
Be5 29. Bxe5 dxe5 30. d6 Qd8 31. Qd5+ Kh8 32. Nxe5 Nf6 33. Qf7 Rxf7 34. Nxf7+
Kg7 35. Nxd8 Rxd8 36. Rxc5 Nxe4 37. Rc4 Bf5 38. Rd1 Rxd6 39. Rxd6 Nxd6 40. Rxh4
Ne4 41. Nd4 Nc5 42. Nxf5+ gxf5 43. Rh3 Kf6 44. Kd2 Ne4+ 45. Kc2 Nc5 46. Rh6+
Ke5 47. Rb6 Kf4 48. Rxb4+ Kg3 49. Rb5 Nxb3 50. Kxb3 1-0

[Event "Torneo A Autunno Vomero"]
[Site "Napoli ITA"]
[Date "2016.09.29"]
[Round "4"]
[White "Caiazzo, Diego"]
[Black "Cosenza, Gianni"]
[WhiteElo "1699"]
[BlackElo "1908"]
[Result "1-0"]
[PlyCount "91"]
[EventDate "2016.09.15"]

1. e4 e6 2. d4 d5 3. Nc3 Nf6 4. Bg5 Be7 5. e5 Nfd7 6. Bxe7 Qxe7 7. f4 a6 8. a3
c5 9. Nf3 b5 10. Qd2 Nc6 11. Ne2 Bb7 12. c3 Na5 13. Nc1 Rc8 14. a4 b4 15. Bd3
Nc4 16. Qe2 cxd4 17. cxd4 Qd8 18. Nb3 Na5 19. Nfd2 Nxb3 20. Nxb3 a5 21. O-O O-O
22. Rfc1 Qb6 23. Bb5 Bc6 24. Rxc6 Rxc6 25. Bxc6 Qxc6 26. Nxa5 Qb6 27. Nb3 Qa7
28. a5 Rc8 29. Qd2 Rc4 30. Rc1 g6 31. h3 f6 32. Kh2 fxe5 33. fxe5 Qc7 34. Kh1
Nb8 35. Rxc4 Qxc4 36. Nc5 Qf1+ 37. Kh2 Kf7 38. Qh6 Ke8 39. Nxe6 Nc6 40. Nc7+
Kd8 41. Ne6+ Ke8 42. Qxh7 Nxd4 43. Qxg6+ Kd7 44. Nc5+ Kc8 45. Qe8+ Kc7 46. Qd7+
1-0

[Event "Torneo A Autunno Vomero"]
[Site "Napoli ITA"]
[Date "2016.09.29"]
[Round "4"]
[White "Calvanese, Giuseppe"]
[Black "Norcia, Fabrizio"]
[WhiteElo "1599"]
[BlackElo "1425"]
[Result "1-0"]
[PlyCount "89"]
[EventDate "2016.09.15"]

1. e4 e5 2. Bc4 c6 3. Nc3 b5 4. Bb3 b4 5. Nce2 a5 6. c3 Nf6 7. Bc2 d5 8. f3 Bc5
9. d4 exd4 10. cxd4 Bb6 11. Bg5 h6 12. Bh4 O-O 13. e5 g5 14. Bf2 Ne8 15. Qd3 f5
16. h4 Ra7 17. hxg5 hxg5 18. Be3 f4 19. Bc1 Bf5 20. Qd2 Rh7 21. Rxh7 Kxh7 22.
Bxf5+ Rxf5 23. Qd3 Ng7 24. g4 fxg3 25. Nxg3 Qd7 26. Nxf5 Qxf5 27. Qxf5+ Nxf5
28. Bxg5 Bxd4 29. e6 Kg6 30. e7 Kf7 31. O-O-O Bf6 32. Bxf6 Nxe7 33. Bxe7 Kxe7
34. f4 Nd7 35. Nh3 Nf6 36. Re1+ Kf7 37. Ng5+ Kg6 38. Re6 c5 39. Nh7 Kxh7 40.
Rxf6 c4 41. Rd6 a4 42. Rxd5 b3 43. axb3 c3 44. bxc3 a3 45. Ra5 1-0

[Event "Torneo A Autunno Vomero"]
[Site "Napoli ITA"]
[Date "2016.09.29"]
[Round "4"]
[White "Chiummo, Sergio"]
[Black "Taurisano, Vincenzo"]
[WhiteElo "1912"]
[BlackElo "1850"]
[Result "1-0"]
[PlyCount "89"]
[EventDate "2016.09.15"]

1. Nf3 Nf6 2. c4 d5 3. d4 e6 4. g3 Be7 5. Bg2 O-O 6. Qc2 Nbd7 7. O-O b6 8. cxd5
exd5 9. Qc6 Ba6 10. Nc3 Rc8 11. Qa4 Bb7 12. Bg5 a6 13. Bh3 b5 14. Qb3 c5 15.
Bxf6 Bxf6 16. Nxd5 c4 17. Nxf6+ Nxf6 18. Qd1 Rc7 19. Bg2 Rd7 20. e3 Re8 21. Qc1
Ne4 22. a4 Rc7 23. axb5 axb5 24. Nd2 f5 25. Nxe4 fxe4 26. Qd2 Qd6 27. Ra5 b4
28. Rc1 Bd5 29. Ra4 Rb8 30. Raa1 Rbc8 31. Qd1 c3 32. bxc3 bxc3 33. Qg4 Re8 34.
Qf4 Qc6 35. Ra5 Rf7 36. Qg5 Bb3 37. Qc5 Qf6 38. Rf1 c2 39. Ra3 Qe6 40. Bxe4 Rc8
41. Qxc8+ Qxc8 42. Ra8 Qxa8 43. Bxa8 Bc4 44. Rc1 Bd3 45. Bd5 1-0

[Event "Torneo A Autunno Vomero"]
[Site "Napoli ITA"]
[Date "2016.09.29"]
[Round "4"]
[White "De Maria, Dario"]
[Black "Gallo, Thomas Renato"]
[WhiteElo "1544"]
[BlackElo "1837"]
[Result "0-1"]
[PlyCount "74"]
[EventDate "2016.09.15"]

1. e4 e6 2. Nf3 d5 3. e5 c5 4. d4 cxd4 5. Nxd4 Nc6 6. Bb5 Bd7 7. Bxc6 bxc6 8.
O-O Bc5 9. c3 Ne7 10. Bg5 Qb8 11. Nb3 Bb6 12. Bxe7 Kxe7 13. Re1 c5 14. Qd2 Rd8
15. Qg5+ Kf8 16. Qh4 Kg8 17. N3d2 Bc7 18. b3 Bxe5 19. Nf3 Bf6 20. Qg3 a5 21. a4
Qxb3 22. Nbd2 Qxc3 23. Rac1 Qa3 24. Ne5 Qxg3 25. fxg3 c4 26. Ndf3 Bxa4 27. Ra1
Bb3 28. Rab1 a4 29. g4 g6 30. g5 Bg7 31. Ng4 Bc3 32. Rf1 a3 33. Nh6+ Kg7 34.
Ne1 Rd7 35. Rc1 Bb2 36. Rb1 Bd4+ 37. Kh1 a2 0-1

[Event "Torneo A Autunno Vomero"]
[Site "Napoli ITA"]
[Date "2016.09.29"]
[Round "4"]
[White "Di Meo, Antonio"]
[Black "Lombardo, Michele"]
[WhiteElo "1811"]
[BlackElo "2080"]
[Result "0-1"]
[PlyCount "70"]
[EventDate "2016.09.15"]

1. f4 b6 2. Nf3 Bb7 3. e3 g6 4. Be2 Bg7 5. c3 e6 6. O-O Ne7 7. Qe1 c5 8. Na3 d5
9. Bb5+ Nbc6 10. d4 a6 11. Bxc6+ Bxc6 12. Ne5 Bb7 13. Rf3 f6 14. Nd3 Rc8 15.
Bd2 Nf5 16. Qe2 Nd6 17. h4 Qe7 18. Rh3 e5 19. h5 cxd4 20. fxe5 fxe5 21. hxg6
hxg6 22. Rxh8+ Bxh8 23. Qg4 Ne4 24. Rf1 Rc6 25. Be1 dxc3 26. Bh4 Bc8 27. Bxe7
Bxg4 28. Nb4 Re6 29. Rf8+ Kxe7 30. Rxh8 cxb2 31. Nxd5+ Kf7 32. Rh7+ Kg8 33. Rc7
Rd6 34. Ne7+ Kf8 35. Nxg6+ Rxg6 0-1

[Event "Torneo A Autunno Vomero"]
[Site "Napoli ITA"]
[Date "2016.09.29"]
[Round "4"]
[White "Esposito, Pino"]
[Black "Auletta, Pasquale"]
[WhiteElo "1782"]
[BlackElo "1635"]
[Result "0-1"]
[PlyCount "98"]
[EventDate "2016.09.15"]

1. d4 d5 2. c4 c6 3. Nf3 Nf6 4. Nc3 dxc4 5. a4 Bf5 6. e3 e6 7. Bxc4 Bb4 8. O-O
O-O 9. Bd3 Bg6 10. Ne5 Nbd7 11. Nxg6 hxg6 12. Qf3 e5 13. Rd1 Qc7 14. Ne2 Rad8
15. Bd2 Bxd2 16. Rxd2 Rfe8 17. Nc3 exd4 18. exd4 c5 19. Nb5 Qb8 20. dxc5 Nxc5
21. Rad1 a6 22. Nc3 Nxd3 23. Rxd3 Ng4 24. g3 Rxd3 25. Qxd3 Qa7 26. Qd4 Re1+ 27.
Kg2 Qxd4 28. Rxd4 Nf6 29. Rb4 Re7 30. Kf3 Kf8 31. Rb6 Ke8 32. a5 Kd8 33. b4 Kc8
34. Na4 Nd5 35. Rd6 Nxb4 36. Nc5 Rc7 37. Na4 Re7 38. Nb6+ Kc7 39. Rd4 Nc6 40.
Rd2 Kb8 41. Nd7+ Ka7 42. Nb6 Rc7 43. Nc4 Ne7 44. Nb6 Rc5 45. Rd7 Rxa5 46. Rxe7
Rf5+ 47. Ke3 Kxb6 48. g4 Rf6 49. f4 Re6+ 0-1

[Event "Torneo A Autunno Vomero"]
[Site "Napoli ITA"]
[Date "2016.09.29"]
[Round "4"]
[White "Esposito, Rosario"]
[Black "Mocerino, Dario"]
[WhiteElo "1784"]
[BlackElo "1503"]
[Result "1-0"]
[PlyCount "87"]
[EventDate "2016.09.15"]

1. d4 d5 2. c4 e6 3. cxd5 exd5 4. Nc3 Be7 5. Bf4 c6 6. Qc2 Nf6 7. e3 Nh5 8. Bg3
Nxg3 9. hxg3 g6 10. Bd3 Na6 11. a3 Be6 12. Nge2 Qd7 13. f3 O-O 14. O-O-O Bd6
15. Rh2 Kg7 16. Rdh1 Rh8 17. Nf4 Bxf4 18. gxf4 Bf5 19. e4 dxe4 20. fxe4 Be6 21.
f5 gxf5 22. exf5 Bd5 23. f6+ Kxf6 24. Qf2+ Ke7 25. Rxh7 Rxh7 26. Rxh7 Qe6 27.
Rh5 Nc7 28. Re5 Rg8 29. Rxe6+ fxe6 30. Nxd5+ Nxd5 31. Qh4+ Kd6 32. Qh2+ Ke7 33.
Qh7+ Kf8 34. Qh6+ Ke7 35. Qh4+ Kd6 36. g3 a6 37. Be4 c5 38. Bxd5 exd5 39. dxc5+
Kxc5 40. Qe7+ Kd4 41. Qh4+ Kc5 42. g4 d4 43. Qe7+ Kd5 44. Qf7+ 1-0

[Event "Torneo A Autunno Vomero"]
[Site "Napoli ITA"]
[Date "2016.09.29"]
[Round "4"]
[White "Ficco, Corrado"]
[Black "Buonanno, Raffaele"]
[WhiteElo "2041"]
[BlackElo "1923"]
[Result "1/2-1/2"]
[PlyCount "72"]
[EventDate "2016.09.15"]

1. e4 g6 2. d4 Bg7 3. Nc3 d6 4. f4 Nf6 5. Nf3 O-O 6. Be2 c5 7. dxc5 dxc5 8.
Qxd8 Rxd8 9. Be3 b6 10. O-O Bb7 11. Rad1 Nc6 12. Rxd8+ Rxd8 13. Rd1 Rxd1+ 14.
Bxd1 Na5 15. Nd2 h5 16. h3 Ne8 17. e5 f6 18. exf6 Bxf6 19. Nf3 Nd6 20. g4 hxg4
21. hxg4 Nac4 22. Bc1 Kf7 23. Kf2 Bxc3 24. bxc3 Ne4+ 25. Ke1 Nxc3 26. Ng5+ Kg8
27. Be2 Nxe2 28. Kxe2 Nd6 29. Bb2 Bd5 30. a3 Nc4 31. Bc1 b5 32. Kd3 Nd6 33. Be3
Nb7 34. Ne4 Bxe4+ 35. Kxe4 e6 36. Ke5 Kf7 1/2-1/2

[Event "Torneo A Autunno Vomero"]
[Site "Napoli ITA"]
[Date "2016.09.29"]
[Round "4"]
[White "Mauro, Lucio"]
[Black "Paduano, Gennaro"]
[WhiteElo "1598"]
[BlackElo "1773"]
[Result "0-1"]
[PlyCount "72"]
[EventDate "2016.09.15"]

1. e4 c5 2. Nf3 Nc6 3. d4 cxd4 4. Nxd4 Nf6 5. Nc3 e5 6. Nb3 a6 7. a3 h6 8. Be2
Be7 9. O-O O-O 10. Be3 g5 11. f3 b5 12. Nd5 Nxd5 13. exd5 Nb8 14. a4 bxa4 15.
Rxa4 d6 16. c4 Qe8 17. Ra3 Nd7 18. Qc1 Bd8 19. Kh1 a5 20. g4 f5 21. gxf5 Nf6
22. Bd3 Nh5 23. Rg1 Bxf5 24. Bxf5 Rxf5 25. Qd1 Qf7 26. Nd2 Rb8 27. Ra2 Nf4 28.
Ne4 Be7 29. Ng3 Rf6 30. Ne4 Rg6 31. Qc2 Nxd5 32. cxd5 Qxf3+ 33. Qg2 Qxe3 34.
Rxa5 Qd4 35. Nc3 Rf6 36. Rd1 Qf2 0-1

[Event "Torneo A Autunno Vomero"]
[Site "Napoli ITA"]
[Date "2016.09.29"]
[Round "4"]
[White "Messina, Enrico"]
[Black "Melchior, Alex"]
[WhiteElo "2201"]
[BlackElo "1990"]
[Result "1-0"]
[PlyCount "107"]
[EventDate "2016.09.15"]

1. e4 c5 2. d4 cxd4 3. c3 Nf6 4. e5 Nd5 5. Nf3 Nc6 6. Bc4 e6 7. O-O Nb6 8. Bb3
d5 9. cxd4 Bd7 10. Nc3 a6 11. a3 Be7 12. Qd3 Rc8 13. Re1 Na7 14. Nd2 Nb5 15.
Ne2 Qc7 16. Qg3 O-O 17. Nf3 f6 18. a4 Na7 19. exf6 Qxg3 20. hxg3 Bxf6 21. Nf4
Rfe8 22. Bd2 Nc4 23. Bc3 b6 24. Nd3 a5 25. g4 h6 26. Nfe5 Nxe5 27. Nxe5 Bxe5
28. Rxe5 Nc6 29. Re3 Kh8 30. f4 Rf8 31. g3 g6 32. Rae1 Rce8 33. Kg2 Kg7 34. Bd1
Rf7 35. Bf3 Rff8 36. b3 Kf6 37. Bb2 Rg8 38. Rc1 Rc8 39. Rec3 Kf7 40. Kf2 Kf6
41. Ke3 Rh8 42. Ba3 Rhd8 43. Bd6 Kf7 44. Ba3 Kf6 45. Bd6 Kf7 46. Rh1 Rh8 47. f5
Kf6 48. fxg6 Kxg6 49. Bf4 Kg7 50. Rc2 Kg6 51. Rch2 Rcf8 52. Rxh6+ Rxh6 53.
Rxh6+ Kg7 54. g5 1-0

[Event "Torneo A Autunno Vomero"]
[Site "Napoli ITA"]
[Date "2016.09.29"]
[Round "4"]
[White "Paduano, Claudio"]
[Black "Buiano, Fabio"]
[WhiteElo "1757"]
[BlackElo "2137"]
[Result "0-1"]
[PlyCount "80"]
[EventDate "2016.09.15"]

1. d4 Nf6 2. c4 e6 3. Nf3 Bb4+ 4. Bd2 Qe7 5. a3 Bxd2+ 6. Nbxd2 d6 7. e4 Nc6 8.
Bd3 O-O 9. O-O e5 10. d5 Nb8 11. b4 a5 12. Qc2 Na6 13. Qc3 Nh5 14. c5 Nf4 15.
Bc4 Qf6 16. Rfc1 Bd7 17. Rab1 axb4 18. axb4 Qg6 19. g3 Nh3+ 20. Kg2 Ng5 21.
Nxg5 Qxg5 22. Nf3 Qh5 23. Be2 Bg4 24. Ra1 f5 25. exf5 e4 26. cxd6 exf3+ 27.
Bxf3 Bxf3+ 28. Qxf3 Qxf3+ 29. Kxf3 cxd6 30. g4 Nxb4 31. Rab1 Nd3 32. Rc7 Nc5
33. Rb6 Rfd8 34. Ke3 Ra3+ 35. Ke2 Rh3 36. Rb1 Rxh2 37. Kf3 Re8 38. Rb6 Nd3 39.
Rc2 Rh3+ 40. Kg2 Nf4+ 0-1

[Event "Torneo A Autunno Vomero"]
[Site "Napoli ITA"]
[Date "2016.09.29"]
[Round "4"]
[White "Pellegrino, Giovanni"]
[Black "Castellano, Riccardo"]
[WhiteElo "1561"]
[BlackElo "1598"]
[Result "0-1"]
[PlyCount "92"]
[EventDate "2016.09.15"]

1. d4 Nf6 2. c4 g6 3. Nc3 Bg7 4. Nf3 d6 5. Bg5 O-O 6. e3 h6 7. Bh4 Nbd7 8. Be2
c6 9. Qc2 e5 10. O-O g5 11. Bg3 Nh5 12. Nd2 Nxg3 13. hxg3 f5 14. b4 Rf7 15. Nb3
Nf8 16. c5 d5 17. Rad1 f4 18. b5 Bf5 19. Bd3 e4 20. Be2 fxg3 21. fxg3 Qc7 22.
g4 Be6 23. Rxf7 Bxf7 24. Qc1 Qg3 25. bxc6 bxc6 26. Na5 Rc8 27. Nb7 Ng6 28. Qd2
Be6 29. Rf1 Nh4 30. Bd1 Bxg4 31. Bxg4 Qxg4 32. Qe2 Nf3+ 33. Rxf3 exf3 34. Qxf3
Qxf3 35. gxf3 Bf8 36. e4 dxe4 37. fxe4 Rc7 38. Nd8 Be7 39. Ne6 Rd7 40. d5 Kf7
41. Kf2 cxd5 42. exd5 Rxd5 43. Nxd5 Kxe6 44. c6 Bc5+ 45. Ke2 Kd6 46. c7 Kd7 0-1

[Event "Torneo A Autunno Vomero"]
[Site "Napoli ITA"]
[Date "2016.09.29"]
[Round "4"]
[White "Scarnera, Francesco"]
[Black "Pellegrino, Carlo"]
[WhiteElo "1665"]
[BlackElo "1522"]
[Result "1-0"]
[PlyCount "99"]
[EventDate "2016.09.15"]

1. e4 e6 2. d4 d5 3. exd5 exd5 4. Nf3 Bg4 5. Be2 Nc6 6. O-O Bd6 7. Ne5 Nxe5 8.
dxe5 Bxe2 9. Qxe2 Be7 10. Qb5+ c6 11. Qxb7 Qc8 12. Qxc8+ Rxc8 13. Be3 c5 14. c3
f6 15. f4 a6 16. Nd2 Nh6 17. Nf3 O-O 18. Rad1 Rfd8 19. Rd2 Ng4 20. Bf2 Nxf2 21.
Kxf2 d4 22. cxd4 cxd4 23. a3 a5 24. Rfd1 d3 25. Rxd3 Rc2+ 26. R3d2 Rdxd2+ 27.
Rxd2 Rxd2+ 28. Nxd2 fxe5 29. fxe5 Bc5+ 30. Kf3 Kf7 31. Nc4 a4 32. Ke4 Ke6 33.
Nd2 g5 34. g4 h6 35. Nb1 Bg1 36. h3 Bh2 37. Nc3 Bxe5 38. Nxa4 Bd6 39. Nc3 Be5
40. a4 Bc7 41. b3 Ba5 42. Nd5 Be1 43. Ne3 Ba5 44. Nf5 h5 45. gxh5 Kf7 46. Ne3
Kg7 47. Kf5 Kh6 48. Kg4 Bd2 49. Nd5 Be1 50. b4 1-0